00751nam a2200193 a 450000100100000000500170001000800410002702000180006804000250008610000270011124500900013825000110022826000870023930000210032650000570034750400310040495201050043599900170054000003919720201002031536.0130607s2010 dr 000 0 spa d a9789993458890 aDO-SdBNPbspacBNPHU1 aChantada, Amparo9946310aMis años de lucha ambiental en República Dominicana 1983-1992 /cAmparo Chantada. a2a ed. aSanto Domingo :bCentro para el Desarrollo Agropecuario y Forestal (CEDAF),c2010. a278 p. ;c24 cm. aIncluye datos biográficos del autor en las solapas aBibliografía : p 273-278 0010718PDaPDbPDcCTd2013-06-07iLF1l0o p39197-10r2020-06-25w2020-06-25yLFPDZNo se presta c38687d38687